[Event "PMPJ 2022 - C15"]
[Site "Jastrzebia Gora"]
[Date "2022.11.12"]
[Round "9.6"]
[White "Jaworski, Tymon"]
[Black "Stepinski, Piotr"]
[Result "1/2-1/2"]
[BlackElo "1663"]
[WhiteElo "1791"]
[LiveChessVersion "1.4.4"]

1. c4 {[%clk 1:30:58]} Nf6 {[%clk 1:30:55]} 2. Nc3 {[%clk 1:31:21]} g6
{[%clk 1:31:22]} 3. g3 {[%clk 1:31:42]} Bg7 {[%clk 1:31:51]} 4. Bg2
{[%clk 1:32:01]} O-O {[%clk 1:32:14]} 5. e3 {[%clk 1:32:11]} d6 {[%clk 1:32:31]}
6. Nge2 {[%clk 1:32:30]} e5 {[%clk 1:32:57]} 7. O-O {[%clk 1:31:45]} Nc6
{[%clk 1:33:20]} 8. a3 {[%clk 1:31:02]} a5 {[%clk 1:33:30]} 9. Rb1
{[%clk 1:31:14]} Be6 {[%clk 1:33:38]} 10. d3 {[%clk 1:30:26]} Qd7
{[%clk 1:24:14]} 11. b4 {[%clk 1:21:20]} axb4 {[%clk 1:23:59]} 12. axb4
{[%clk 1:21:47]} Bh3 {[%clk 1:23:54]} 13. e4 {[%clk 1:09:42]} Bxg2
{[%clk 1:23:47]} 14. Kxg2 {[%clk 1:10:10]} Nh5 {[%clk 1:23:13]} 15. Nd5
{[%clk 1:07:33]} Ne7 {[%clk 1:20:38]} 16. Bb2 {[%clk 1:01:17]} f5
{[%clk 1:19:30]} 17. f3 {[%clk 0:53:08]} Kh8 {[%clk 1:02:24]} 18. Qd2
{[%clk 0:42:19]} f4 {[%clk 1:01:18]} 19. g4 {[%clk 0:41:52]} Nf6 {[%clk 1:00:33]}
20. Nxe7 {[%clk 0:37:33]} Qxe7 {[%clk 0:59:56]} 21. h3 {[%clk 0:34:53]} Qe6
{[%clk 0:58:16]} 22. Nc3 {[%clk 0:32:54]} c6 {[%clk 0:55:51]} 23. Ra1
{[%clk 0:33:05]} Rae8 {[%clk 0:49:55]} 24. Qe2 {[%clk 0:22:42]} Re7
{[%clk 0:47:37]} 25. Nd1 {[%clk 0:15:52]} Bh6 {[%clk 0:45:39]} 26. Bc3
{[%clk 0:13:45]} Ref7 {[%clk 0:45:14]} 27. Be1 {[%clk 0:10:55]} Bg7
{[%clk 0:36:11]} 28. Nf2 {[%clk 0:10:05]} Qd7 {[%clk 0:31:12]} 29. Bc3
{[%clk 0:10:00]} Qe6 {[%clk 0:29:23]} 30. Ra2 {[%clk 0:08:35]} Bh6
{[%clk 0:28:54]} 31. Kh2 {[%clk 0:07:46]} Bg5 {[%clk 0:28:42]} 32. Be1
{[%clk 0:08:06]} h5 {[%clk 0:28:22]} 33. Rg1 {[%clk 0:08:25]} Bh4
{[%clk 0:27:49]} 34. Nd1 {[%clk 0:06:16]} Bxe1 {[%clk 0:27:36]} 35. Qxe1
{[%clk 0:06:25]} hxg4 {[%clk 0:27:58]} 36. hxg4 {[%clk 0:06:37]} Rh7+
{[%clk 0:28:14]} 37. Kg2 {[%clk 0:06:47]} Kg7 {[%clk 0:24:00]} 38. Nf2
{[%clk 0:05:38]} Rfh8 {[%clk 0:23:19]} 39. Ra7 {[%clk 0:05:17]} Qc8
{[%clk 0:22:46]} 40. Qa1 {[%clk 0:03:50]} g5 {[%clk 0:20:57]} 41. Qa5
{[%clk 0:03:50]} Kg6 {[%clk 0:20:56]} 42. Qb6 {[%clk 0:03:37]} Qb8
{[%clk 0:11:44]} 43. Rga1 {[%clk 0:02:44]} Qc8 {[%clk 0:11:58]} 44. Rg1
{[%clk 0:02:29]} d5 {[%clk 0:10:18]} 45. cxd5 {[%clk 0:01:38]} cxd5
{[%clk 0:10:47]} 46. Qc5 {[%clk 0:01:51]} Qe6 {[%clk 0:11:16]} 47. Rc1
{[%clk 0:01:47]} dxe4 {[%clk 0:10:01]} 48. dxe4 {[%clk 0:02:03]} Rh2+
{[%clk 0:08:05]} 49. Kg1 {[%clk 0:01:50]} R2h7 {[%clk 0:08:16]} 50. Ra5
{[%clk 0:01:34]} Re8 {[%clk 0:06:36]} 51. Ra3 {[%clk 0:01:34]} Reh8
{[%clk 0:06:45]} 52. Rd3 {[%clk 0:01:20]} Qa2 {[%clk 0:03:37]} 53. Qc2
{[%clk 0:00:56]} Qa7 {[%clk 0:03:27]} 54. Qc5 {[%clk 0:01:10]} Qa2
{[%clk 0:03:41]} 55. Qc2 {[%clk 0:01:31]} Qa6 {[%clk 0:04:03]} 56. Qc4
{[%clk 0:01:43]} Qa7 {[%clk 0:00:47]} 57. Qc5 {[%clk 0:02:00]} Qa2
{[%clk 0:00:37]} 58. Qc2 {[%clk 0:02:05]} Qa7 {[%clk 0:00:36]} 59. Qc5
{[%clk 0:02:22]} Qa2 {[%clk 0:00:33]} 60. Qc2 {[%clk 0:02:46]} Qa7
{[%clk 0:00:34]} 61. Qc5 {[%clk 0:03:09]} 1/2-1/2

[Event "PMPJ 2022 - C15"]
[Site "Jastrzebia Gora"]
[Date "2022.11.12"]
[Round "9.7"]
[White "Marek, Grzegorz"]
[Black "Rylski, Tadeusz"]
[Result "1-0"]
[BlackElo "1741"]
[WhiteElo "1614"]
[LiveChessVersion "1.4.4"]

1. e4 {[%clk 1:30:56]} e5 {[%clk 1:26:04]} 2. Nf3 {[%clk 1:30:23]} Nc6
{[%clk 1:26:17]} 3. d4 {[%clk 1:30:47]} exd4 {[%clk 1:22:15]} 4. Nxd4
{[%clk 1:31:11]} Bc5 {[%clk 1:14:17]} 5. Be3 {[%clk 1:31:27]} Qf6
{[%clk 1:14:12]} 6. c3 {[%clk 1:31:01]} Nge7 {[%clk 1:08:02]} 7. Bc4
{[%clk 1:26:09]} Ne5 {[%clk 0:53:03]} 8. Be2 {[%clk 1:24:24]} d5 {[%clk 0:45:25]}
9. f4 {[%clk 0:54:16]} Ng4 {[%clk 0:38:41]} 10. Bxg4 {[%clk 0:36:07]} Qh4+
{[%clk 0:38:56]} 11. Bf2 {[%clk 0:35:42]} Qxg4 {[%clk 0:39:20]} 12. Qxg4
{[%clk 0:35:55]} Bxg4 {[%clk 0:39:42]} 13. Nd2 {[%clk 0:34:43]} O-O-O
{[%clk 0:35:04]} 14. h3 {[%clk 0:33:15]} Bd7 {[%clk 0:33:17]} 15. O-O-O
{[%clk 0:32:11]} Ng6 {[%clk 0:21:14]} 16. g3 {[%clk 0:30:11]} dxe4
{[%clk 0:13:47]} 17. Nxe4 {[%clk 0:30:23]} Bb6 {[%clk 0:12:12]} 18. Ng5
{[%clk 0:26:41]} Rdf8 {[%clk 0:11:37]} 19. Rde1 {[%clk 0:24:53]} h6
{[%clk 0:11:42]} 20. Ne4 {[%clk 0:20:33]} Rd8 {[%clk 0:10:14]} 21. h4
{[%clk 0:07:07]} Rhe8 {[%clk 0:08:47]} 22. Nd2 {[%clk 0:06:37]} Nf8
{[%clk 0:06:39]} 23. Nc4 {[%clk 0:06:16]} f6 {[%clk 0:05:45]} 24. Nxb6+
{[%clk 0:06:10]} axb6 {[%clk 0:06:04]} 25. Re3 {[%clk 0:05:44]} Rxe3
{[%clk 0:05:51]} 26. Bxe3 {[%clk 0:06:10]} c5 {[%clk 0:06:16]} 27. Nc2
{[%clk 0:05:50]} f5 {[%clk 0:05:55]} 28. Rd1 {[%clk 0:05:43]} Nh7
{[%clk 0:05:46]} 29. b4 {[%clk 0:05:26]} Nf6 {[%clk 0:05:10]} 30. bxc5
{[%clk 0:05:23]} bxc5 {[%clk 0:05:39]} 31. Bxc5 {[%clk 0:05:26]} Ne4
{[%clk 0:06:05]} 32. Bd6 {[%clk 0:04:52]} Nxc3 {[%clk 0:04:12]} 33. Rd3
{[%clk 0:04:52]} Ne4 {[%clk 0:04:35]} 34. Be5 {[%clk 0:05:04]} g6
{[%clk 0:04:52]} 35. Ra3 {[%clk 0:04:22]} Bc6 {[%clk 0:04:41]} 36. Nd4
{[%clk 0:04:34]} Rd5 {[%clk 0:03:35]} 37. Ra8+ {[%clk 0:03:41]} Kd7
{[%clk 0:04:04]} 38. Rh8 {[%clk 0:03:20]} Rc5+ {[%clk 0:03:16]} 39. Kb2
{[%clk 0:03:40]} h5 {[%clk 0:03:07]} 40. Rh7+ {[%clk 0:03:25]} Ke8
{[%clk 0:03:36]} 41. Rg7 {[%clk 0:03:18]} Nd2 {[%clk 0:03:26]} 42. Nxc6
{[%clk 0:00:51]} Rxc6 {[%clk 0:02:02]} 43. Rxb7 {[%clk 0:01:15]} Nc4+
{[%clk 0:02:20]} 44. Kb1 {[%clk 0:01:21]} Rb6+ {[%clk 0:02:10]} 45. Rxb6
{[%clk 0:01:46]} Nxb6 {[%clk 0:02:38]} 46. Kc2 {[%clk 0:01:53]} Kd7
{[%clk 0:03:06]} 47. Kc3 {[%clk 0:01:51]} Kc6 {[%clk 0:03:30]} 48. Bd4
{[%clk 0:01:34]} Nd5+ {[%clk 0:02:48]} 49. Kc4 {[%clk 0:01:40]} Nc7
{[%clk 0:02:36]} 50. a4 {[%clk 0:01:36]} Kb7 {[%clk 0:02:53]} 51. Kc5
{[%clk 0:01:05]} Ne6+ {[%clk 0:02:22]} 52. Kd5 {[%clk 0:01:31]} Nd8
{[%clk 0:02:39]} 53. Bc3 {[%clk 0:01:40]} Ka6 {[%clk 0:02:02]} 54. Ke5
{[%clk 0:02:01]} Nb7 {[%clk 0:02:23]} 55. Kf6 {[%clk 0:01:45]} Nc5
{[%clk 0:02:52]} 56. Kxg6 {[%clk 0:02:06]} Nxa4 {[%clk 0:03:19]} 57. Bd4
{[%clk 0:02:28]} Kb5 {[%clk 0:03:43]} 58. Kxh5 {[%clk 0:02:50]} Kc4
{[%clk 0:04:09]} 59. Be5 {[%clk 0:02:57]} Kd5 {[%clk 0:04:02]} 60. Kg5
{[%clk 0:03:17]} Ke6 {[%clk 0:04:31]} 61. h5 {[%clk 0:03:25]} Kf7
{[%clk 0:03:54]} 62. h6 {[%clk 0:03:44]} Nc5 {[%clk 0:04:09]} 63. Kxf5
{[%clk 0:03:53]} Ne6 {[%clk 0:03:24]} 64. h7 {[%clk 0:04:13]} Ng7+
{[%clk 0:03:49]} 65. Kg4 {[%clk 0:04:34]} 1-0

[Event "PMPJ 2022 - C15"]
[Site "Jastrzebia Gora"]
[Date "2022.11.12"]
[Round "9.8"]
[White "Lonski, Aleksander"]
[Black "Nagly, Wojciech"]
[Result "1-0"]
[BlackElo "1559"]
[WhiteElo "1656"]
[LiveChessVersion "1.4.4"]

1. e4 {[%clk 1:30:58]} g6 {[%clk 1:30:50]} 2. c4 {[%clk 1:30:53]} Bg7
{[%clk 1:31:00]} 3. Nc3 {[%clk 1:31:03]} c5 {[%clk 1:27:06]} 4. g3
{[%clk 1:28:36]} Nc6 {[%clk 1:26:42]} 5. Bg2 {[%clk 1:28:53]} e6 {[%clk 1:24:33]}
6. Nge2 {[%clk 1:28:13]} Nge7 {[%clk 1:23:46]} 7. O-O {[%clk 1:27:28]} O-O
{[%clk 1:22:52]} 8. Rb1 {[%clk 1:26:07]} b6 {[%clk 1:07:03]} 9. a3
{[%clk 1:21:58]} Bb7 {[%clk 1:03:40]} 10. b4 {[%clk 1:17:02]} d6 {[%clk 0:59:37]}
11. d3 {[%clk 1:12:13]} Nd4 {[%clk 0:56:44]} 12. Be3 {[%clk 1:05:42]} Nxe2+
{[%clk 0:51:11]} 13. Nxe2 {[%clk 1:05:48]} Qc7 {[%clk 0:49:30]} 14. Qb3
{[%clk 0:59:39]} Rfd8 {[%clk 0:41:35]} 15. Rfd1 {[%clk 0:56:42]} cxb4
{[%clk 0:37:09]} 16. Qxb4 {[%clk 0:52:39]} Bc6 {[%clk 0:31:03]} 17. d4
{[%clk 0:47:14]} d5 {[%clk 0:28:25]} 18. cxd5 {[%clk 0:37:19]} exd5
{[%clk 0:27:57]} 19. Rdc1 {[%clk 0:34:32]} Qb7 {[%clk 0:26:45]} 20. e5
{[%clk 0:34:03]} Nf5 {[%clk 0:26:41]} 21. Bg5 {[%clk 0:33:14]} Rdc8
{[%clk 0:22:55]} 22. Qd2 {[%clk 0:28:19]} Bf8 {[%clk 0:17:33]} 23. Nf4
{[%clk 0:18:59]} Be7 {[%clk 0:12:20]} 24. Bxe7 {[%clk 0:18:48]} Nxe7
{[%clk 0:12:07]} 25. Qa2 {[%clk 0:12:34]} Rd8 {[%clk 0:10:07]} 26. Rc3
{[%clk 0:09:55]} Rac8 {[%clk 0:05:03]} 27. Rbc1 {[%clk 0:09:48]} Nf5
{[%clk 0:02:52]} 28. Bh3 {[%clk 0:08:17]} Bd7 {[%clk 0:01:54]} 29. Nxd5
{[%clk 0:02:55]} Rxc3 {[%clk 0:01:06]} 30. Nf6+ {[%clk 0:01:39]} Kg7
{[%clk 0:01:28]} 31. Rxc3 {[%clk 0:02:03]} Be6 {[%clk 0:01:40]} 32. d5
{[%clk 0:01:12]} Bxd5 {[%clk 0:01:40]} 33. Qd2 {[%clk 0:01:20]} Ne7
{[%clk 0:01:25]} 34. Rd3 {[%clk 0:00:57]} Qc6 {[%clk 0:00:42]} 35. Bg2
{[%clk 0:00:37]} Bxg2 {[%clk 0:00:56]} 36. Rxd8 {[%clk 0:01:02]} Bh3
{[%clk 0:01:05]} 37. Nd5 {[%clk 0:00:42]} Qb5 {[%clk 0:01:06]} 38. Ne3
{[%clk 0:00:45]} Nf5 {[%clk 0:00:56]} 39. Nxf5+ {[%clk 0:00:45]} Bxf5
{[%clk 0:01:24]} 40. Kg2 {[%clk 0:00:35]} Qc6+ {[%clk 0:01:36]} 41. f3
{[%clk 0:00:43]} Bg4 {[%clk 0:01:29]} 42. Qf4 {[%clk 0:00:44]} Bf5
{[%clk 0:01:35]} 43. g4 {[%clk 0:00:41]} Bb1 {[%clk 0:01:32]} 44. Rd6
{[%clk 0:00:35]} Qc2+ {[%clk 0:01:57]} 45. Kg3 {[%clk 0:00:58]} Qc3
{[%clk 0:01:40]} 46. Rd2 {[%clk 0:00:48]} Qc5 {[%clk 0:01:35]} 47. Qf6+
{[%clk 0:00:37]} Kh6 {[%clk 0:01:56]} 48. Kh4 {[%clk 0:00:46]} Qc4
{[%clk 0:01:48]} 49. f4 {[%clk 0:01:05]} Qxf4 {[%clk 0:00:43]} 50. Qxf4+
{[%clk 0:01:29]} Kg7 {[%clk 0:01:10]} 51. Qf6+ {[%clk 0:01:52]} Kh6
{[%clk 0:01:33]} 52. g5# {[%clk 0:02:18]} 1-0

[Event "PMPJ 2022 - C15"]
[Site "Jastrzebia Gora"]
[Date "2022.11.12"]
[Round "9.9"]
[White "Trochimczuk, Szymon"]
[Black "Chmura, Eryk"]
[Result "1/2-1/2"]
[BlackElo "1614"]
[WhiteElo "1630"]
[LiveChessVersion "1.4.4"]

1. d4 {[%clk 1:30:59]} d5 {[%clk 1:30:55]} 2. c4 {[%clk 1:31:23]} c6
{[%clk 1:31:20]} 3. cxd5 {[%clk 1:31:45]} cxd5 {[%clk 1:31:44]} 4. Nf3
{[%clk 1:32:09]} Nf6 {[%clk 1:31:39]} 5. Nc3 {[%clk 1:32:34]} Nc6
{[%clk 1:29:07]} 6. Bf4 {[%clk 1:32:59]} Bf5 {[%clk 1:22:59]} 7. Qb3
{[%clk 1:30:39]} Na5 {[%clk 1:15:03]} 8. Qa4+ {[%clk 1:30:11]} Bd7
{[%clk 1:15:27]} 9. Qc2 {[%clk 1:30:35]} Rc8 {[%clk 1:10:19]} 10. e3
{[%clk 1:26:50]} e6 {[%clk 1:08:27]} 11. Bd3 {[%clk 1:23:50]} Be7
{[%clk 1:06:17]} 12. h3 {[%clk 1:21:31]} O-O {[%clk 1:05:06]} 13. O-O
{[%clk 1:20:37]} b5 {[%clk 1:03:44]} 14. Qe2 {[%clk 1:16:19]} b4 {[%clk 0:57:49]}
15. Nb1 {[%clk 1:16:38]} Nc4 {[%clk 0:42:25]} 16. b3 {[%clk 1:12:22]} Nd6
{[%clk 0:41:19]} 17. Ne5 {[%clk 1:07:28]} a5 {[%clk 0:40:01]} 18. a4
{[%clk 1:01:51]} Nfe4 {[%clk 0:36:15]} 19. Nxd7 {[%clk 0:56:37]} Qxd7
{[%clk 0:36:39]} 20. Bxd6 {[%clk 0:56:38]} Nxd6 {[%clk 0:35:50]} 21. Ra2
{[%clk 0:54:09]} Bf6 {[%clk 0:34:49]} 22. f4 {[%clk 0:51:52]} Rc7
{[%clk 0:32:47]} 23. Rc2 {[%clk 0:47:40]} Rfc8 {[%clk 0:29:56]} 24. Rfc1
{[%clk 0:47:22]} Ne4 {[%clk 0:27:03]} 25. Bxe4 {[%clk 0:44:52]} dxe4
{[%clk 0:27:27]} 26. Rxc7 {[%clk 0:43:08]} Rxc7 {[%clk 0:27:49]} 27. Rxc7
{[%clk 0:39:49]} Qxc7 {[%clk 0:28:14]} 28. Qc4 {[%clk 0:40:13]} Qb7
{[%clk 0:26:34]} 29. Nd2 {[%clk 0:38:57]} g5 {[%clk 0:24:41]} 30. g3
{[%clk 0:37:54]} gxf4 {[%clk 0:25:06]} 31. gxf4 {[%clk 0:38:15]} Bh4
{[%clk 0:24:02]} 32. Qc5 {[%clk 0:36:17]} Qd5 {[%clk 0:22:46]} 33. Nc4
{[%clk 0:33:47]} Bd8 {[%clk 0:22:29]} 34. Kh2 {[%clk 0:23:59]} Kg7
{[%clk 0:21:35]} 35. Nd2 {[%clk 0:18:13]} Bh4 {[%clk 0:20:36]} 36. Qc2
{[%clk 0:17:34]} Bf2 {[%clk 0:17:25]} 37. Nc4 {[%clk 0:17:26]} Bh4
{[%clk 0:12:53]} 38. Qg2+ {[%clk 0:16:56]} Kf8 {[%clk 0:13:16]} 39. Qg4
{[%clk 0:16:49]} Bf6 {[%clk 0:12:58]} 40. Kg1 h5 {[%clk 0:09:40]} 41. Qg2
{[%clk 0:16:42]} Bh4 {[%clk 0:09:54]} 42. Kf1 {[%clk 0:16:54]} Bf6
{[%clk 0:07:26]} 43. Ke2 {[%clk 0:15:28]} Bxd4 {[%clk 0:06:36]} 44. exd4
{[%clk 0:15:11]} Qxd4 {[%clk 0:07:02]} 45. Qg3 {[%clk 0:15:09]} Qa1
{[%clk 0:06:38]} 46. Qe3 {[%clk 0:13:19]} Qh1 {[%clk 0:05:41]} 47. Nxa5
{[%clk 0:10:32]} Qg2+ {[%clk 0:05:36]} 48. Kd1 {[%clk 0:10:28]} Qf1+
{[%clk 0:05:51]} 49. Kc2 {[%clk 0:10:24]} Qg2+ {[%clk 0:06:10]} 50. Qd2
{[%clk 0:10:09]} Qxh3 {[%clk 0:06:33]} 51. Nc4 {[%clk 0:09:06]} h4
{[%clk 0:05:40]} 52. Ne3 {[%clk 0:06:54]} Qf3 {[%clk 0:05:36]} 53. a5
{[%clk 0:06:18]} h3 {[%clk 0:04:55]} 54. a6 {[%clk 0:05:20]} Qxf4
{[%clk 0:05:19]} 55. a7 {[%clk 0:03:40]} Qc7+ {[%clk 0:05:42]} 56. Nc4
{[%clk 0:03:56]} Qxa7 {[%clk 0:06:02]} 57. Qh6+ {[%clk 0:04:07]} Ke8
{[%clk 0:03:44]} 58. Qxh3 {[%clk 0:04:13]} Qf2+ {[%clk 0:03:58]} 59. Kd1
{[%clk 0:04:42]} Ke7 {[%clk 0:02:09]} 60. Qe3 {[%clk 0:03:36]} Qxe3
{[%clk 0:02:27]} 61. Nxe3 {[%clk 0:04:05]} Kd6 {[%clk 0:02:44]} 62. Ke2
{[%clk 0:04:04]} f5 {[%clk 0:02:05]} 63. Nc2 {[%clk 0:03:34]} Kc5
{[%clk 0:02:18]} 64. Ke3 {[%clk 0:03:56]} e5 {[%clk 0:02:43]} 65. Ke2
{[%clk 0:03:17]} f4 {[%clk 0:02:44]} 66. Kf2 {[%clk 0:03:29]} Kd5
{[%clk 0:01:08]} 67. Ke2 {[%clk 0:03:09]} e3 {[%clk 0:01:02]} 68. Nxb4+
{[%clk 0:02:24]} Ke4 {[%clk 0:01:15]} 69. Nc6 {[%clk 0:02:17]} f3+
{[%clk 0:01:40]} 70. Ke1 {[%clk 0:02:42]} Kd5 {[%clk 0:01:18]} 71. Ne7+
{[%clk 0:02:34]} Kc5 {[%clk 0:00:55]} 72. Nf5 {[%clk 0:01:48]} e2
{[%clk 0:01:18]} 73. Ng3 {[%clk 0:01:59]} Kb4 {[%clk 0:01:04]} 74. Nxe2
{[%clk 0:02:23]} Kxb3 {[%clk 0:01:15]} 75. Ng1 {[%clk 0:02:45]} e4
{[%clk 0:01:25]} 76. Nxf3 {[%clk 0:03:10]} exf3 {[%clk 0:01:48]} 77. Kf2
{[%clk 0:03:40]} Kc3 {[%clk 0:02:10]} 78. Kxf3 {[%clk 0:03:32]} 1/2-1/2

[Event "PMPJ 2022 - C15"]
[Site "Jastrzebia Gora"]
[Date "2022.11.12"]
[Round "9.10"]
[White "Grzebieniowski, Michal"]
[Black "Nowak, Maciej"]
[Result "1-0"]
[BlackElo "1389"]
[WhiteElo "1665"]
[LiveChessVersion "1.4.4"]

1. d4 {[%clk 1:30:56]} d5 {[%clk 1:30:53]} 2. c4 {[%clk 1:31:22]} e5
{[%clk 1:31:17]} 3. dxe5 {[%clk 1:31:47]} d4 {[%clk 1:31:41]} 4. Nf3
{[%clk 1:32:15]} Nc6 {[%clk 1:31:37]} 5. g3 {[%clk 1:32:22]} Nge7
{[%clk 1:31:42]} 6. Bg2 {[%clk 1:31:12]} Ng6 {[%clk 1:30:23]} 7. Bf4
{[%clk 1:30:54]} Be6 {[%clk 1:26:27]} 8. Nbd2 {[%clk 1:30:29]} Qd7
{[%clk 1:24:32]} 9. O-O {[%clk 1:30:45]} Rd8 {[%clk 1:23:14]} 10. Rc1
{[%clk 1:27:15]} h5 {[%clk 1:20:29]} 11. Ne4 {[%clk 1:25:50]} Be7
{[%clk 1:17:50]} 12. Qd2 {[%clk 1:12:09]} h4 {[%clk 1:14:05]} 13. Neg5
{[%clk 1:09:06]} Bb4 {[%clk 1:11:46]} 14. Qd3 {[%clk 1:08:43]} Nxf4
{[%clk 1:10:52]} 15. gxf4 {[%clk 1:09:11]} h3 {[%clk 1:08:10]} 16. Bh1
{[%clk 1:07:36]} Be7 {[%clk 0:53:11]} 17. Nxe6 {[%clk 1:02:56]} Qxe6
{[%clk 0:52:23]} 18. f5 {[%clk 1:03:20]} Qd7 {[%clk 0:50:56]} 19. Qe4
{[%clk 1:03:34]} Rh6 {[%clk 0:46:20]} 20. Rfd1 {[%clk 1:02:33]} Kf8
{[%clk 0:41:18]} 21. e3 {[%clk 0:58:47]} Bc5 {[%clk 0:33:31]} 22. b4
{[%clk 0:56:42]} Nxb4 {[%clk 0:28:37]} 23. exd4 {[%clk 0:56:55]} Kg8
{[%clk 0:26:15]} 24. Rd2 {[%clk 0:56:15]} Be7 {[%clk 0:24:49]} 25. Rcd1
{[%clk 0:49:59]} c6 {[%clk 0:20:48]} 26. d5 {[%clk 0:45:23]} cxd5
{[%clk 0:18:31]} 27. cxd5 {[%clk 0:45:52]} Bc5 {[%clk 0:18:47]} 28. e6
{[%clk 0:46:00]} Qe7 {[%clk 0:18:56]} 29. d6 {[%clk 0:38:43]} Rxd6
{[%clk 0:17:35]} 30. Rxd6 {[%clk 0:38:49]} Bxd6 {[%clk 0:17:54]} 31. Rxd6
{[%clk 0:38:05]} Qxd6 {[%clk 0:17:25]} 32. e7 {[%clk 0:38:24]} Re6
{[%clk 0:13:21]} 33. Qxe6 {[%clk 0:38:41]} Qd1+ {[%clk 0:13:23]} 34. Qe1
{[%clk 0:39:08]} 1-0

[Event "PMPJ 2022 - C15"]
[Site "Jastrzebia Gora"]
[Date "2022.11.12"]
[Round "9.11"]
[White "Sniadecki, Oskar"]
[Black "Klisowski, Bartosz"]
[Result "1/2-1/2"]
[BlackElo "1634"]
[WhiteElo "1615"]
[LiveChessVersion "1.4.4"]

1. d4 {[%clk 1:30:59]} g6 {[%clk 1:30:51]} 2. c4 {[%clk 1:31:22]} Nf6
{[%clk 1:30:38]} 3. Nc3 {[%clk 1:31:48]} d5 {[%clk 1:30:59]} 4. g3
{[%clk 1:31:25]} Bg7 {[%clk 1:29:37]} 5. Bg2 {[%clk 1:31:39]} c6 {[%clk 1:28:03]}
6. e3 {[%clk 1:30:30]} O-O {[%clk 1:26:21]} 7. Nge2 {[%clk 1:30:04]} e6
{[%clk 1:20:22]} 8. b3 {[%clk 1:30:19]} Nbd7 {[%clk 1:18:59]} 9. O-O
{[%clk 1:27:53]} b6 {[%clk 1:17:47]} 10. Ba3 {[%clk 1:26:58]} Re8
{[%clk 1:18:13]} 11. Rc1 {[%clk 1:27:15]} Bb7 {[%clk 1:17:07]} 12. e4
{[%clk 1:25:19]} dxe4 {[%clk 1:12:31]} 13. Nxe4 {[%clk 1:25:24]} Nxe4
{[%clk 1:12:30]} 14. Bxe4 {[%clk 1:25:49]} Nf6 {[%clk 1:12:39]} 15. Bg2
{[%clk 1:26:11]} e5 {[%clk 1:12:25]} 16. dxe5 {[%clk 1:24:48]} Rxe5
{[%clk 1:10:55]} 17. Qc2 {[%clk 1:24:43]} Qc7 {[%clk 1:06:41]} 18. Rcd1
{[%clk 1:24:25]} c5 {[%clk 1:06:03]} 19. Bb2 {[%clk 1:24:33]} Re7
{[%clk 1:03:11]} 20. Bxf6 {[%clk 1:16:24]} Bxf6 {[%clk 1:01:55]} 21. Nf4
{[%clk 1:16:45]} Bxg2 {[%clk 0:56:18]} 22. Kxg2 {[%clk 1:13:55]} Qc6+
{[%clk 0:54:21]} 23. Nd5 {[%clk 1:03:00]} Rae8 {[%clk 0:53:47]} 24. Qd3
{[%clk 1:03:10]} Bd4 {[%clk 0:49:43]} 25. Qf3 {[%clk 1:03:30]} Re6
{[%clk 0:45:04]} 26. Rde1 {[%clk 0:59:13]} Qc8 {[%clk 0:44:38]} 27. Rxe6
{[%clk 0:57:54]} Rxe6 {[%clk 0:44:47]} 28. Nf4 {[%clk 0:56:19]} Re5
{[%clk 0:42:15]} 29. Nd3 {[%clk 0:55:59]} Re6 {[%clk 0:42:10]} 30. Re1
{[%clk 0:56:02]} Rxe1 {[%clk 0:41:02]} 31. Nxe1 {[%clk 0:56:23]} 1/2-1/2

[Event "PMPJ 2022 - C15"]
[Site "Jastrzebia Gora"]
[Date "2022.11.12"]
[Round "9.12"]
[White "Zawadzki, Bartosz"]
[Black "Garwacki, Kornel"]
[Result "0-1"]
[BlackElo "1613"]
[WhiteElo "1624"]
[LiveChessVersion "1.4.4"]

1. d4 {[%clk 1:30:57]} Nf6 {[%clk 1:30:57]} 2. c4 {[%clk 1:31:20]} g6
{[%clk 1:31:23]} 3. Nc3 {[%clk 1:31:45]} Bg7 {[%clk 1:31:49]} 4. e4
{[%clk 1:32:08]} d6 {[%clk 1:32:17]} 5. f3 {[%clk 1:32:19]} O-O {[%clk 1:32:25]}
6. Be3 {[%clk 1:32:43]} e5 {[%clk 1:32:35]} 7. d5 {[%clk 1:33:07]} c6
{[%clk 1:31:45]} 8. Qd2 {[%clk 1:33:17]} cxd5 {[%clk 1:31:49]} 9. cxd5
{[%clk 1:33:40]} Nh5 {[%clk 1:29:26]} 10. g4 {[%clk 1:32:50]} Nf4
{[%clk 1:29:36]} 11. Bxf4 {[%clk 1:31:59]} exf4 {[%clk 1:30:03]} 12. Qxf4
{[%clk 1:31:38]} f5 {[%clk 1:29:31]} 13. gxf5 {[%clk 1:27:58]} gxf5
{[%clk 1:29:17]} 14. Qg3 {[%clk 1:17:23]} fxe4 {[%clk 1:26:55]} 15. fxe4
{[%clk 1:08:36]} Qb6 {[%clk 1:25:16]} 16. O-O-O {[%clk 1:00:11]} Kh8
{[%clk 1:23:34]} 17. Nge2 {[%clk 0:48:16]} Be5 {[%clk 1:22:33]} 18. Qd3
{[%clk 0:45:07]} Na6 {[%clk 1:18:45]} 19. a3 {[%clk 0:43:01]} Nc5
{[%clk 1:15:05]} 20. Qc2 {[%clk 0:41:34]} Bg4 {[%clk 1:09:31]} 21. h4
{[%clk 0:30:42]} Rac8 {[%clk 1:03:43]} 22. Kb1 {[%clk 0:29:15]} Nxe4
{[%clk 1:00:13]} 23. Qxe4 {[%clk 0:28:48]} Bf5 {[%clk 0:58:48]} 0-1

[Event "PMPJ 2022 - C15"]
[Site "Jastrzebia Gora"]
[Date "2022.11.12"]
[Round "9.13"]
[White "Zieba, Hubert"]
[Black "Krasniewski, Maciej"]
[Result "0-1"]
[BlackElo "1619"]
[WhiteElo "1453"]
[LiveChessVersion "1.4.4"]

1. d4 {[%clk 1:30:58]} Nf6 {[%clk 1:30:56]} 2. c4 {[%clk 1:31:25]} g6
{[%clk 1:31:20]} 3. Nc3 {[%clk 1:31:52]} Bg7 {[%clk 1:31:41]} 4. e4
{[%clk 1:32:19]} d6 {[%clk 1:32:06]} 5. Nge2 {[%clk 1:32:44]} O-O
{[%clk 1:32:12]} 6. f3 {[%clk 1:33:09]} Nc6 {[%clk 1:32:24]} 7. Be3
{[%clk 1:33:33]} a6 {[%clk 1:32:49]} 8. Qd2 {[%clk 1:33:42]} Na5 {[%clk 1:32:45]}
9. b3 {[%clk 1:33:04]} b5 {[%clk 1:33:09]} 10. Nc1 {[%clk 1:32:20]} c6
{[%clk 1:33:04]} 11. Be2 {[%clk 1:32:20]} Nd7 {[%clk 1:33:03]} 12. O-O
{[%clk 1:25:12]} bxc4 {[%clk 1:27:48]} 13. Bxc4 {[%clk 1:25:22]} Nb6
{[%clk 1:27:53]} 14. Be2 {[%clk 1:23:08]} Qc7 {[%clk 1:26:24]} 15. Nd3
{[%clk 1:20:14]} Rd8 {[%clk 1:25:19]} 16. Rac1 {[%clk 1:19:43]} Nac4
{[%clk 1:25:18]} 17. bxc4 {[%clk 1:19:39]} Nxc4 {[%clk 1:25:46]} 18. Nd5
{[%clk 1:12:55]} cxd5 {[%clk 1:25:18]} 19. Qc3 {[%clk 1:09:02]} Qa7
{[%clk 1:24:47]} 20. Bf2 {[%clk 1:09:17]} Bh6 {[%clk 1:17:32]} 21. f4
{[%clk 1:01:19]} Bb7 {[%clk 1:17:26]} 22. exd5 {[%clk 0:56:34]} Rac8
{[%clk 1:14:08]} 23. Nb4 {[%clk 0:55:40]} Nb6 {[%clk 1:12:48]} 24. Qf3
{[%clk 0:54:56]} Qa8 {[%clk 1:09:38]} 25. Nc6 {[%clk 0:53:07]} Nxd5
{[%clk 1:04:51]} 26. Nxd8 {[%clk 0:52:16]} Rxd8 {[%clk 1:05:12]} 27. Rb1
{[%clk 0:50:55]} Rb8 {[%clk 1:04:22]} 28. Rxb7 {[%clk 0:48:21]} Qxb7
{[%clk 1:04:40]} 29. Bxa6 {[%clk 0:48:30]} Qxa6 {[%clk 1:04:23]} 30. Qxd5
{[%clk 0:48:52]} e6 {[%clk 1:04:45]} 31. Qe4 {[%clk 0:48:12]} Qxa2
{[%clk 1:04:29]} 32. h3 {[%clk 0:46:36]} Rb2 {[%clk 1:04:06]} 33. Qf3
{[%clk 0:37:43]} Bg7 {[%clk 1:04:01]} 34. Qc6 {[%clk 0:36:04]} Bf8
{[%clk 0:59:31]} 35. Qf3 {[%clk 0:34:33]} d5 {[%clk 0:55:26]} 36. Rc1
{[%clk 0:33:06]} Rb1 {[%clk 0:54:59]} 37. Rxb1 {[%clk 0:33:30]} Qxb1+
{[%clk 0:55:26]} 38. Kh2 {[%clk 0:33:54]} Bd6 {[%clk 0:55:47]} 39. g3
{[%clk 0:31:25]} Qc2 {[%clk 0:55:36]} 40. h4 {[%clk 0:31:18]} h5 {[%clk 0:55:54]}
41. Kg1 {[%clk 0:31:37]} Bb4 {[%clk 0:56:00]} 42. g4 {[%clk 0:31:35]} Qb1+
{[%clk 0:54:29]} 43. Kg2 {[%clk 0:30:06]} Qe4 {[%clk 0:52:01]} 44. Qxe4
{[%clk 0:30:04]} dxe4 {[%clk 0:52:27]} 45. gxh5 {[%clk 0:29:28]} gxh5
{[%clk 0:52:50]} 46. Kg3 {[%clk 0:29:37]} Kg7 {[%clk 0:53:08]} 47. f5
{[%clk 0:29:14]} Bd6+ {[%clk 0:53:28]} 0-1